000 00428nam a2200157 i 4500
001 130074
003 ES-MaACL
005 20230906193633.0
007 t|
008 070717s1963 sp ||||1| spa d
100 1 _aZurbitu, D.
_9118527
245 1 3 _aLa oración de los hijos de Dios /
_cD. Zurbitu.
260 _aZaragoza :
_bHechos y Dichos,
_c[1963]
300 _a233 p. ;
_c17 cm.
852 _aES-MaACL
_jC-25656
_bR.51986
999 _c130074
_d130074